000 00393 a2200169 4500
001 72366
020 _a850603471X
040 _cAnchieta - Colégio São Paulo
100 _aRibeiro, Adriana Gattermayr
240 1 0 _aO roubo das agendas
_lpor
245 1 0 _aO roubo das agendas
300 _a143
362 0 _a2002
440 1 _aMelhoramentos
650 4 _aLiteratura juvenil
942 _cBK
999 _c72366
_d72366